000 00949aam a2200313 4500
005 20161121153358.0
008 150413b xxu||||| |||| 00| 0 spa d
041 _aspa
082 _a382 T693t
100 _aTorres Gaytan, Ricardo
_933187
245 _aTeoría del comercio internacional
260 _aMéxico
_bSiglo XXI
_c2005
300 _a467 páginas
650 _aCOMERCIO INTERNACIONAL
_9705
650 _aMERCANTIL
_933190
650 _aTEORIA MONETARIA
_933192
650 _aHISTORIA
_943
650 _aBALANZA DE PAGOS
_923881
650 _aPAGOS INTERNACIONALES
_933195
650 _aMERCADO DE CAMBIOS
_933198
650 _aTIPO DE CAMBIOS
_933201
650 _aSISTEMA MONETARIO
_933202
650 _aESTABILIZACION CAMBIARIA
_933205
650 _aFONDO MONETARIO INTERNACIONAL
_933207
650 _aBALANCES COMPARATIVOS
_933210
650 _aECONOMIA NACIONAL
_923879
650 _aINGRESO NACIONAL.
_933213
942 _cBK
999 _c4532
_d4532